00506nam a2200193 a 4500001001300000003000900013005001700022008004100039020000900080082001600089100003100105245001700136260003700153300000800190500003500198505002200233650002600255700003100281nice12345678IN_TiNIC20260116013415.0050524s1940 hyda grp 000 0 ara  ac7500a297.61bBUK aBukhari, Abu Abdullah Mohd aKitabul Kuna aHyderabadbDairatul Maarifc1940 a98p aincludes index and biblioraphy2 achronology, index aIslam-Biography-Ulama1 aBukhari, Abu Abdullah Mohd